ARRUPE JESUIT UNIVERSITY

CORONAVIRUS -STOP THE SPREAD - CLEAN,DISINFECT,COVER

New religious movements in the Catholic Church / (Record no. 118246)

MARC details
000 -LEADER
fixed length control field 01306cam a2200325 a 4500
001 - CONTROL NUMBER
control field 14803980
003 - CONTROL NUMBER IDENTIFIER
control field ARRUPE
005 - DATE AND TIME OF LATEST TRANSACTION
control field 20131004120707.0
008 - FIXED-LENGTH DATA ELEMENTS--GENERAL INFORMATION
fixed length control field 070411s2005 enk b 001 0 eng d
010 ## - LIBRARY OF CONGRESS CONTROL NUMBER
LC control number 2007273565
020 ## - INTERNATIONAL STANDARD BOOK NUMBER
International Standard Book Number 0860123847
020 ## - INTERNATIONAL STANDARD BOOK NUMBER
International Standard Book Number 9780860123842
035 ## - SYSTEM CONTROL NUMBER
System control number (OCoLC)ocm62776953
040 ## - CATALOGING SOURCE
Original cataloging agency PTS
Transcribing agency PTS
Modifying agency BAKER
-- DAY
-- YDXCP
-- DLC
042 ## - AUTHENTICATION CODE
Authentication code lccopycat
050 00 - LIBRARY OF CONGRESS CALL NUMBER
Classification number BX808
Item number .N49 2005
300 ## - PHYSICAL DESCRIPTION
Dimensions 22 cm.
245 00 - TITLE STATEMENT
Title New religious movements in the Catholic Church /
Statement of responsibility, etc edited by Michael A. Hayes.
260 ## - PUBLICATION, DISTRIBUTION, ETC. (IMPRINT)
Place of publication, distribution, etc London ;
-- New York :
Name of publisher, distributor, etc Burns & Oates,
Date of publication, distribution, etc 2005.
300 ## - PHYSICAL DESCRIPTION
Extent vi, 182 p. ;
504 ## - BIBLIOGRAPHY, ETC. NOTE
Bibliography, etc Includes bibliographical references and index.
610 20 - SUBJECT ADDED ENTRY--CORPORATE NAME
Corporate name or jurisdiction name as entry element Catholic Church
General subdivision Societies, etc.
9 (RLIN) 2103
650 #0 - SUBJECT ADDED ENTRY--TOPICAL TERM
Topical term or geographic name as entry element Church renewal
General subdivision Catholic Church.
9 (RLIN) 2104
700 1# - ADDED ENTRY--PERSONAL NAME
Personal name Hayes, Michael A.,
Titles and other words associated with a name Chaplain.
9 (RLIN) 2105
856 41 - ELECTRONIC LOCATION AND ACCESS
Materials specified Table of contents only
Uniform Resource Identifier <a href="http://www.loc.gov/catdir/toc/fy0710/2007273565.html">http://www.loc.gov/catdir/toc/fy0710/2007273565.html</a>
856 42 - ELECTRONIC LOCATION AND ACCESS
Materials specified Contributor biographical information
Uniform Resource Identifier <a href="http://www.loc.gov/catdir/enhancements/fy1116/2007273565-b.html">http://www.loc.gov/catdir/enhancements/fy1116/2007273565-b.html</a>
856 42 - ELECTRONIC LOCATION AND ACCESS
Materials specified Publisher description
Uniform Resource Identifier <a href="http://www.loc.gov/catdir/enhancements/fy1214/2007273565-d.html">http://www.loc.gov/catdir/enhancements/fy1214/2007273565-d.html</a>
906 ## - LOCAL DATA ELEMENT F, LDF (RLIN)
a 7
b cbc
c copycat
d 2
e ncip
f 20
g y-gencatlg
942 ## - ADDED ENTRY ELEMENTS (KOHA)
Source of classification or shelving scheme Library of Congress Classification
Koha item type Monograph ( Printed materials)
Holdings
Withdrawn status Lost status Source of classification or shelving scheme Damaged status Not for loan Home library Current library Shelving location Date acquired Total Checkouts Full call number Barcode Date last seen Price effective from Koha item type
    Library of Congress Classification     ARRUPE LIBRARY ARRUPE LIBRARY Main Collection 04/10/2013   BX808 .N49 2005 46410721 22/11/2017 04/10/2013 Monograph ( Printed materials)

 

Arrupe Library. PO Box MP320 Mt Pleasant, Harare, Zimbabwe
263 242 745411|librarian@aju.ac.zw